000
00326nam a22001337a 4500
008
230606b xxu||||| |||| 00| 0 eng d
020
_a
9781844809424
082
_a
657.45
245
_a
Auditing
_c
Cengage Learning EMEA
250
_a
9th Edition
260
_a
United Kingdom
_b
Pat Bond
_c
1978
300
_a
459 p
942
_2
ddc
_c
BK
999
_c
696
_d
696